Normal view
MARC view
Entry Personal Name
001 - CONTROL NUMBER
- control field: 36313
003 - CONTROL NUMBER IDENTIFIER
- control field: ARRUPE
005 - DATE AND TIME OF LATEST TRANSACTION
- control field: 20170927105351.0
008 - FIXED-LENGTH DATA ELEMENTS
- fixed length control field: 170927|| aca||aabn | a|a d
040 ## - CATALOGING SOURCE
- Original cataloging agency: ARRUPE
- Transcribing agency: ARRUPE
100 ## - HEADING--PERSONAL NAME
- Personal name: Murdock, George Peter,
- Dates associated with a name: 1897-
670 ## - SOURCE DATA FOUND
- Source citation: Work cat.: (ARRUPE)2998: Murdock, George Peter, 1897-, Social structure., 1949.